Magnetism in heavy fermion systems

This book is a review volume which covers an important subset of topics in the field of heavy fermion and non-Fermi liquid physics. It summarizes much of the experimental information in these areas, and includes an article which discusses theoretical interpretations of the complex magnetic behavior...

Descrizione completa

Salvato in:
Dettagli Bibliografici
Autore principale: Radousky, Harry B.
Natura: Libro
Lingua:Vietnamese
Pubblicazione: Singapore World Scientific 2000
Serie:Series in modern condensed matter physics Vol. 11
Soggetti:
Tags: Aggiungi Tag
Nessun Tag, puoi essere il primo ad aggiungerne! !
Thư viện lưu trữ: Thư viện Trường Đại học Nam Cần Thơ
LEADER 01927nam a22002657a 4500
001 NCT_82866
008 200724b xxu||||| |||| 00| 0 vie d
999 |c 4078  |d 4078 
020 |a 9810243480 
082 0 4 |2 23rd ed.  |a 539.7  |b R741 
100 1 |a Radousky, Harry B.  
245 1 0 |a Magnetism in heavy fermion systems  |c Harry B. Radousky 
260 |a Singapore   |b World Scientific  |c 2000 
300 |a vii, 383 p.  |c 23cm  
490 0 |a Series in modern condensed matter physics   |v Vol. 11 
504 |a Includes bibliographies and index. 
520 3 |a This book is a review volume which covers an important subset of topics in the field of heavy fermion and non-Fermi liquid physics. It summarizes much of the experimental information in these areas, and includes an article which discusses theoretical interpretations of the complex magnetic behavior of heavy fermion systems. The topics covered include heavy fermion superconductivity, muon spin relaxation in small-moment heavy fermions, neutron scattering from heavy fermions, random localized magnetism in heavy fermions, and magnetism in Pr-containing cuprates. 
653 |a Cơ bản 
942 |2 ddc  |c BK 
952 |0 0  |1 0  |2 ddc  |4 0  |6 539_700000000000000_R741  |7 0  |9 20033  |a 000001  |b 000001  |d 2020-07-24  |o 539.7 R741  |p MD.17436  |r 2020-07-24  |w 2020-07-24  |y BK 
952 |0 0  |1 0  |2 ddc  |4 0  |6 539_700000000000000_R741  |7 0  |9 20034  |a 000001  |b 000001  |d 2020-07-24  |o 539.7 R741  |p MD.17437  |r 2020-07-24  |w 2020-07-24  |y BK 
952 |0 0  |1 0  |2 ddc  |4 0  |6 539_700000000000000_R741  |7 0  |9 20035  |a 000001  |b 000001  |d 2020-07-24  |o 539.7 R741  |p MD.17438  |r 2020-07-24  |w 2020-07-24  |y BK 
952 |0 0  |1 0  |2 ddc  |4 0  |6 539_700000000000000_R741  |7 0  |9 20036  |a 000001  |b 000001  |d 2020-07-24  |o 539.7 R741  |p MD.17439  |r 2020-07-24  |w 2020-07-24  |y BK 
952 |0 0  |1 0  |2 ddc  |4 0  |6 539_700000000000000_R741  |7 0  |9 20037  |a 000001  |b 000001  |d 2020-07-24  |o 539.7 R741  |p MD.17440  |r 2020-07-24  |w 2020-07-24  |y BK 
980 |a Thư viện Trường Đại học Nam Cần Thơ